Busiest Train Stations of Europe - Statistics

General Stats
  • This quiz has been taken 511 times
    507 since last reset
  • The average score is 19 of 40
Answer Stats
Passengers Station City % Correct
206.7 Gare du Nord Paris, France
85%
200.7 Hamburg Hauptbahnhof Hamburg, Germany
84%
110 Berlin Hauptbahnhof Berlin, Germany
82%
164.3 Frankfurt (Main) Hauptbahnhof Frankfurt, Germany
81%
153.6 Zürich Hauptbahnhof Zürich, Switzerland
81%
127.8 München Hauptbahnhof Munich, Germany
79%
120 Milano Centrale Milan, Italy
77%
52.9 Wien Hauptbahnhof Vienna, Austria
77%
102 Köln Hauptbahnhof Cologne, Germany
72%
91.3 Düsseldorf Hauptbahnhof Düsseldorf, Germany
70%
87.6 Stuttgart Hauptbahnhof Stuttgart, Germany
69%
67.4 Amsterdam Centraal Amsterdam, the Netherlands
68%
100.4 Gare de Lyon Paris, France
67%
91.2 Hannover Hauptbahnhof Hannover, Germany
67%
68.7 Bern Bern, Switzerland
66%
67.9 Utrecht Centraal Utrecht, the Netherlands
64%
62.1 Essen Hauptbahnhof Essen, Germany
63%
54.8 Oslo sentralstasjon Oslo, Norway
63%
62.1 Stockholms Centralstation Stockholm, Germany
61%
73.2 Helsingin Päärautatieasema Helsinki, Finland
59%
58 Bologna Centrale Bologna, Italy
56%
65.7 Nürnberg Hauptbahnhof Nuremburg, Germany
52%
150 Roma Termini Rome, Italy
50%
94.3 London Waterloo London, UK
48%
75 London Victoria London, UK
39%
50 Napoli Centrale Naples, Italy
35%
116.6 Madrid Atocha Madrid, Spain
32%
67 London Liverpool Street London, UK
27%
53.6 Montparnasse Paris, France
27%
107.9 Saint-Lazare Paris, France
27%
179.9 Châtelet-Les Halles Paris, France
21%
59 Firenze Santa Maria Novella Florence, Italy
13%
70 Torino Porta Nuova Turin, Italy
12%
76.7 Berlin Friedrichstraße Berlin, Germany
10%
51 Roma Tiburtina Rome, Italy
9%
97.8 Wien Mitte Vienna, Austria
6%
53.7 Nørreport Copenhagen, Denmark
4%
79.9 Moscow Yaroslavsky Moscow, Russia
3%
50.1 Moscow Kazansky Moscow, Russia
1%
71.6 Moscow Kursky Moscow, Russia
1%
No matching quizzes found
Score Distribution
Percent of People with Each Score
Percentile by Number Answered
Your Score History
You have not taken this quiz since the last reset